Quiz o Słowacji - Statystyki

Ogólne statystyki
  • Ten quiz został rozwiązany 63 razy
  • Średni wynik to 9 z 15
Statystyki odpowiedzi
Wskazówka Odpowiedź % Poprawnych
Stolica Bratysława
100%
Waluta Euro
98%
Liczba ludności w milionach (ok.) 5 mln
94%
Język urzędowy Słowacki
94%
Rok dołączenia do Unii Europejskiej 2004 r.
81%
Sąsiad, z którym jest najbardziej powiązana kulturowo ze względu na np. wspólną historię Czechy
64%
Rok dołączenia do NATO 2004 r.
62%
Pasmo górskie, w którym jest położona Karpaty
62%
Wędzony górski ser, o którego pochodzenie do niedawna śmieszny spór toczyły Słowacja i Polska Oscypek
57%
Najwyższy szczyt Gerlach
55%
Największy partner handlowy Niemcy
51%
"Pojazd" powietrzny złożony z plecaka, linek i czaszy powodujący wolniejsze opadanie, który został wynaleziony przez Słowaka - Štefana Banie Spadochron
45%
Duży drapieżny ssak będący jej narodowym zwierzęciem Niedźwiedź brunatny
40%
Stolica Słowacji jest położona na granicy, przez co sąsiaduje z Austrią i Węgrami. Podaj jeszcze jedną europejską stolicę, która graniczy z jakimś państwem. Monako | Rzym | Vaduz | Watykan
36%
Jaką nazwę nosi słynna słowacka lodowa jaskinia? Dobszyńska Jaskinia Lodowa
9%
Nie znaleziono quizów pasujących do podanych kryteriów
Rozkład punktacji
Procent ludzi z każdym wynikiem
Percentyl według liczby udzielonych odpowiedzi
Twoja historia wyników
Nie rozwiązałeś tego quizu